| 000 | 00773nam a2200265Ia 4500 | ||
|---|---|---|---|
| 003 | OSt | ||
| 005 | 20220928124616.0 | ||
| 006 | a|||||r|||| 00| 0 | ||
| 007 | ta | ||
| 008 | 220927b |||||||| |||| 00| 0 eng d | ||
| 020 | _cUKP 29.99 | ||
| 024 | _a143271 | ||
| 037 |
_b2398, 16/03/2020, Kiran Book Service _cTextual |
||
| 040 |
_aSDCL _cSDCL _beng |
||
| 041 |
_2eng _aeng |
||
| 082 | _aV5'J, Q8 | ||
| 100 |
_aRollason David _9466452 |
||
| 245 | 0 |
_aEarly medieval Europe 300-1050 _b A guide for studying and teaching |
|
| 250 | _a2nd | ||
| 260 |
_aLondon _bRoutledge _c2018 |
||
| 300 |
_axvi,402p. _ccm. |
||
| 650 | _aHistory | ||
| 942 |
_hV5'J, Q8 _cTEXL _2CC |
||
| 999 |
_c779305 _d779305 |
||